000 00617nam a2200157Ia 4500
008 100122s9999 xx 000 0 und d
082 _b72579
_a927.96358
100 _aपुरंदरे वैभव
245 _aसचिन तेंडुलकर समग्र चरित्र
250 _a0
260 _bकॉटिनेंटल प्रकाशन
_c2007
630 _aसचिन तेंडुलकर समग्र चरित्र
700 _aमनोहर अनंत
730 _aसचिन तेंडुलकर समग्र चरित्र
942 _cBOOK
999 _c388426
_d388423